Vplyv vybraných socio-ekonomických faktorov na mieru nezamestnanosti na úrovni malých území

Pokus o načrtnutie základu metodiky, ktorá by sa mohla použiť pri výbere podstatných faktorov ovplynujúcich nezamestnanosť v konkrétnom regióne, čo by mohlo napomôcť rozhodovacím a plánovacím orgánom pri určovaní stratégie určenej na znižovanie nezamestnanosti.

Salvato in:
Dettagli Bibliografici
Autore principale: Rosič, Martin
Altri autori: Kaňuk, Ján
Natura: Capitolo di libro
Lingua:slovacco
Soggetti:
Tags: Aggiungi Tag
Nessun Tag, puoi essere il primo ad aggiungerne!!

MARC

LEADER 00000naa$a2200000$$$4500
001 0111093
005 20240312092255.5
041 0 |a slo 
044 |a SK 
245 1 0 |a Vplyv vybraných socio-ekonomických faktorov na mieru nezamestnanosti na úrovni malých území  |c Martin Rosič, Ján Kaňuk 
520 |a Pokus o načrtnutie základu metodiky, ktorá by sa mohla použiť pri výbere podstatných faktorov ovplynujúcich nezamestnanosť v konkrétnom regióne, čo by mohlo napomôcť rozhodovacím a plánovacím orgánom pri určovaní stratégie určenej na znižovanie nezamestnanosti. 
610 2 0 |a nezamestnanosť 
610 2 0 |a ukazovatele 
610 2 0 |a regióny 
610 2 0 |a Slovensko 
610 2 0 |a analýza korelačná 
610 2 0 |a analýza regresná 
100 1 |a Rosič, Martin 
700 1 |a Kaňuk, Ján